Zamat a pazúry

Bibliographic Details
Main Author: Richter, Milan, 1948- (Author)
Format: Article
Language:Slovak
PhysicalDescription:Fot. 3.
Subjects:

MARC

LEADER 00000nab a2200000 a 4500
001 vtls000417287
003 SK-MaSNL
005 20260304001157.0
008 230313c1991 xo 0 slo
015 |a SNBRB19rr/mm-uuuuu 
035 |a CL0417412 
035 |a urn:nbn:sk:snk-abblv6 
035 |a (urnnbn)urn:nbn:sk:snk:ar-002ps7 
035 |a (uuid)8ad3cbf3-cc34-46b7-aaf4-c42100d5f0b2 
040 |a SNKBUCL  |b slo  |c SNKBUCL  |e AACR2 
041 0 |a slo 
044 |a xo  |c SK 
080 |a 82.09:839.7  |2 1981 
080 |a 839.7  |2 1981 
080 |a 839.7.09  |2 1981 
100 1 |a Richter, Milan,  |d 1948-  |4 aut  |9 92608 
245 1 0 |a Zamat a pazúry  |c Milan Richter 
300 |b Fot. 3. 
650 0 7 |a švédska literatúra  |2 snkbucl  |9 1212 
655 7 |a články z novín a časopisov  |2 snkbucl  |9 267496 
655 7 |a články z odboru literárna veda a krásna literatúra  |2 snkbucl  |9 770045 
773 0 |t Dotyky  |g Roč. 3, č. 3 (1991), s. 21 
850 |a Slovenská národná knižnica v Martine  |a MTA001 
852 |a SNK  |b KIS3GCP 
958 |a RK 
958 |a LX 
958 |a OND 
958 |a EUIPO 
958 |a article15 
992 |a RBX 
999 |c 2535113  |d 2537043